[Event "Scarborough CC Spring Swiss"]
[Site "Toronto"]
[Date "2007.04.12"]
[Round "5"]
[White "Douglas, Richard"]
[Black "Hambleton, Richard"]
[Result "0-1"]
[WhiteElo "1760"]
[BlackElo "2113"]
[PlyCount "66"]
[EventDate "2007.03.15"]
[EventType "swiss"]
[EventRounds "8"]
[EventCountry "CAN"]
[SourceTitle "EXT 2022"]
[Source "ChessBase"]
[SourceDate "2021.10.06"]
[SourceVersion "1"]
[SourceVersionDate "2021.10.06"]
[SourceQuality "1"]

1. e4 e6 2. d4 d5 3. Nc3 Bb4 4. Nge2 dxe4 5. a3 Bxc3+ 6. Nxc3 f5 7. Bc4 Nf6 8. Bg5 h6 9. Bxf6 Qxf6 10. 0-0 0-0 11. d5 Kh7 12. Nb5 exd5 13. Bxd5 Qe7 14. Bb3 Rd8 15. Qe2 c6 16. Nc3 Be6 17. Bxe6 Qxe6 18. Rae1 Qe5 19. f3 Na6 20. fxe4 f4 21. Qf2 Rf8 22. Rd1 Rae8 23. Rfe1 Nc5 24. Qe2 Rf6 25. Qf3 Ne6 26. h4 Rg6 27. Qf2 Rf8 28. Rd3 f3 29. Rxf3 Nf4 30. Rxf4 Rxf4 31. Qxa7 Rxh4 32. Qf2 Qh2+ 33. Kf1 Rf4 0-1